Quick Fire Flags - Hard - Statistics

General Stats
  • This quiz has been taken 333 times
  • The average score is 8 of 10
Answer Stats
Picture Answer % Correct
Nepal
100%
Andorra
89%
Kenya
88%
Laos
87%
Niger
87%
Latvia
86%
Guatemala
83%
Suriname
81%
Madagascar
78%
St. Kitts and Nevis
65%
No matching quizzes found
Score Distribution
Percent of People with Each Score
Percentile by Number Answered
Your Score History
You have not taken this quiz